000 00454nam a2200193Ia 4500
003 0100
008 130303s9999 xx 000 0 und d
040 _cARRUPELIB
050 _aHB97.5.M3313 1973
100 _aMarx, Karl
245 _aGrundrisse
245 _bFoundations of the Critique of Political Economy(Rough Draft)
260 _aMiddlesex
260 _bPenguin Books
260 _C1973
300 _a904p
650 _bHope
942 0 0 _02
999 _c30994
_d30994